Arsenal Players Quiz - Statistics

General Stats
  • This quiz has been taken 48 times
    12 since last reset
  • The average score is 19 of 24
Answer Stats
# Nation Player % Correct
7 United Kingdom (England) Bukayo Saka
100%
41 United Kingdom (England) Declan Rice
100%
9 Brazil Gabriel Jesus
92%
6 Brazil Gabriel Magalhães
92%
2 France William Saliba
92%
1 Spain David Raya
83%
11 Brazil Gabriel Martinelli
83%
12 Netherlands Jurriën Timber
83%
29 Germany Kai Havertz
83%
19 Belgium Leandro Trossard
83%
8 Norway Martin Ødegaard
83%
36 Spain Martín Zubimendi
83%
49 United Kingdom (England) Myles Lewis-Skelly
83%
33 Italy Riccardo Calafiori
83%
14 Sweden Viktor Gyökeres
83%
4 United Kingdom (England) Ben White
75%
16 Denmark Christian Nørgaard
75%
23 Spain Mikel Merino
75%
5 Ecuador Piero Hincapié
75%
10 United Kingdom (England) Eberechi Eze
67%
13 Spain Kepa Arrizabalaga
67%
3 Spain Cristhian Mosquera
58%
20 United Kingdom (England) Noni Madueke
42%
35 United Kingdom (England) Tommy Setford
25%
No matching quizzes found
Score Distribution
Percent of People with Each Score
Percentile by Number Answered
Your Score History
You have not taken this quiz since the last reset